| 000 | 00000nam##2200000za#4500 |
| 001 | 9.665401 |
| 003 | CaOODSP |
| 005 | 20200330093850 |
| 007 | ta |
| 008 | 150407|2004||||xxc||||| f|0| 0 eng|d |
| 020 | |a0-662-68056-1 |
| 040 | |aCaOODSP|beng |
| 041 | |aeng |
| 041 | |afre |
| 043 | |an-cn--- |
| 086 | 1 |aIu44-11/2004 |
| 110 | 1 |aCanada. |bIndustry Canada. |
| 245 | 10|aInnovation roadmap on bio-based feedstocks, fuels and industrial products |
| 260 | |aOttawa - Ontario : |bIndustry Canada |c2004. |
| 690 | 07|aBiotechnology|2gcpds |
| 776 | 0#|tFeuille de route d'innovation sur les carburants et les prouduits industriels issus de la biomasse |w(CaOODSP)9.631363 |
| 776 | 0#|tInnovation roadmap on bio-based feedstocks, fuels and industrial bioproducts |w(CaOODSP)9.686899 |
| 792 | |tFeuille de route d'innovation sur les matières premières, les carburants et les produits industriels issus de la biomasse |efre|w(CaOODSP)9.665402 |
| 986 | |a54125B |